Missing Word: Disney Live-Action Movies (A-Z) Quiz Stats

 Plays Quiz Updated Aug 12, 2017

Support Sporcle.
Go Orange.
Score 0/25 Timer 03:00
0 Plays Today
Hint Answer % Correct
Honey, I Shrunk the _____Kids
96.8%
_____ PocusHocus
96.3%
Treasure _____Island
94.5%
George of the _____Jungle
94.4%
The _____ TrapParent
93.7%
Confessions of a Teenage Drama _____Queen
93.2%
The _____ ClauseSanta
93.1%
Oz the _____ and PowerfulGreat
92.3%
20,000 Leagues _____ the SeaUnder
91.4%
_____ YellerOld
87.9%
_____ RunningsCool
85.9%
Bon _____!Voyage
85.2%
The Mighty _____Ducks
83.5%
Hint Answer % Correct
_____ BudAir
82.6%
Swiss Family _____Robinson
81.4%
Saving Mr. _____Banks
81.3%
The Three _____Musketeers
77.4%
_____ to Witch MountainEscape
74%
Mighty Joe _____Young
71.6%
_____ FangWhite
70.2%
Tron: _____Legacy
68.7%
_____ TreasureNational
68%
_____ of the NavigatorFlight
66.1%
Bridge to _____Terabithia
61.1%
_____, the AvengerZorro
33.7%

Today's Daily Dose

You're not logged in!

Compare scores with friends on all Sporcle quizzes.
OR
Log In
Forgot?

From the Vault

Shared Song Titles: Girls' Names

by rer2121

Never sing these songs at people who have these names. They're tired of it.
Remove Ads.
Support Sporcle.
Get the best of Sporcle when you Go Orange. This ad-free experience offers more features, more stats, and more fun while also helping to support Sporcle. Thank you for becoming a member.

Show Comments

Extras

Top Quizzes Today


Score Distribution

Your Account Isn't Verified!

In order to create a playlist on Sporcle, you need to verify the email address you used during registration. Go to your Sporcle Settings to finish the process.

Report this User

Report this user for behavior that violates our Community Guidelines.

Details: